书目信息 |
| 题名: |
敢为天下先
|
|
| 作者: | 王宏甲 , 许名波 著 | |
| 分册: | ||
| 出版信息: | 武汉 长江文艺出版社 2017 |
|
| 页数: | 423页 | |
| 开本: | 25cm | |
| 丛书名: | ||
| 单 册: | ||
| 中图分类: | F279.26 , F426.9 | |
| 科图分类: | ||
| 主题词: | 建筑企业--Jian Zhu Qi Ye--概况--中国 | |
| 电子资源: | ||
| ISBN: | 978-7-5354-8100-9 | |
| 000 | 01638nam0 2200325 45 | |
| 001 | 012001011118 | |
| 005 | 20140105114939.0 | |
| 010 | @a978-7-5354-8100-9@b精装@dCNY68.00 | |
| 092 | @aCN@b201701-3S-0473 | |
| 099 | @aCAL 012017024924 | |
| 100 | @a20170315d2017 em y0chiy50 ea | |
| 101 | 0 | @achi |
| 102 | @aCN@b420000 | |
| 105 | @aa z 000yy | |
| 106 | @ar | |
| 200 | 1 | @a敢为天下先@AGan Wei Tian Xia Xian@e中建三局50年发展解码@f王宏甲, 许名波著 |
| 210 | @a武汉@c长江文艺出版社@d2017 | |
| 215 | @a423页@c彩图@d25cm | |
| 314 | @a王宏甲, 福建省建阳市人, 当代著名学者, 中国作协报告文学委员会副主任, 中国报告文学学会副会长, 央视大型纪录片《长征》电视总撰稿。许名波, 中建三局员工, 当代青年作家, 武汉市作协会员。 | |
| 330 | @a本书形象生动地展现了中建三局50年艰难曲折的发展历程,首次解密在一座座建筑背后鲜为人知的那些人、那些事,弘扬了中建三局“敢为天下先,永远争第一”的争先精神。从“红色建筑队”到“大型国企”,从普通施工企业到千亿综合企业集团,从单一产业到集“建造、投资、运营”于一体的多业并举。中建三局的历史,是研究中国经济、政治、文化发展的现实标本;中建三局的发展历史,更是一家大型国企发展的涅槃之路,对于中国深化国企改革有着深刻的借鉴意义。 | |
| 333 | @a相关研究人员 | |
| 517 | 1 | @a中建三局50年发展解码@AZhong Jian San Ju 50 Nian Fa Zhan Jie Ma |
| 601 | 02 | @a中国建筑第三工程局有限公司@Azhong guo jian zhu di san gong cheng ju you xian gong si@x概况@y中国 |
| 606 | 0 | @a建筑企业@AJian Zhu Qi Ye@x概况@y中国 |
| 690 | @aF279.26@v5 | |
| 690 | @aF426.9@v5 | |
| 701 | 0 | @a王宏甲@AWang Hong Jia@4著 |
| 701 | 0 | @a许名波@AXu Ming Bo@4著 |
| 801 | 2 | @aCN@b上海新华@c20191020 |
| 905 | @b1138003-6@dF279.26@e1698@f4 | |
| 敢为天下先:中建三局50年发展解码/王宏甲, 许名波著.-武汉:长江文艺出版社,2017 |
| 423页:彩图;25cm |
| 使用对象:相关研究人员 |
| ISBN 978-7-5354-8100-9(精装):CNY68.00 |
| 本书形象生动地展现了中建三局50年艰难曲折的发展历程,首次解密在一座座建筑背后鲜为人知的那些人、那些事,弘扬了中建三局“敢为天下先,永远争第一”的争先精神。从“红色建筑队”到“大型国企”,从普通施工企业到千亿综合企业集团,从单一产业到集“建造、投资、运营”于一体的多业并举。中建三局的历史,是研究中国经济、政治、文化发展的现实标本;中建三局的发展历史,更是一家大型国企发展的涅槃之路,对于中国深化国企改革有着深刻的借鉴意义。 |
| ● |
| 相关链接 |
|
|
|
|
正题名:敢为天下先
索取号:F279.26/1698
 
预约/预借
| 序号 | 登录号 | 条形码 | 馆藏地/架位号 | 状态 | 备注 |
| 1 | 1138003 | 211380030 | 第一样本阅览室/ [索取号:F279.26/1698] | 在馆 | |
| 2 | 1138004 | 211380049 | 第一借阅区/ [索取号:F279.26/1698] | 在馆 | |
| 3 | 1138005 | 211380058 | 第一借阅区/ [索取号:F279.26/1698] | 在馆 | |
| 4 | 1138006 | 211380067 | 第一借阅区/ [索取号:F279.26/1698] | 在馆 |